Paroles : Fanchon (Elle aime à rire elle aime à boire) - Statistiques

Statistiques générales
  • Ce quiz a été pris 21 fois
  • Le résultat moyen est 367 sur 408
Statistiques - réponses
Réponse % Correct
à
100%
a
100%
À
100%
aime
100%
boire,
100%
chanter
100%
comme
100%
elle
100%
Elle
100%
elle.
100%
nous,
100%
nous !
100%
rire,
100%
Fanchon,
94%
Fanchon
94%
avec
88%
de
88%
du
88%
est
88%
et
88%
faire
88%
il
88%
la
88%
La
88%
Que
88%
Un
88%
un
88%
vin,
88%
Ah !
81%
Amis,
81%
baptisée
81%
bonne
81%
bouchon,
81%
Bourguignon
81%
Bretonne
81%
Buvons
81%
chrétienne,
81%
d'un
81%
entretien
81%
faut
81%
Fut
81%
fut
81%
gloire.
81%
J'aperçois
81%
l'aimable
81%
l'ombre
81%
marraine.
81%
mérite
81%
Oui
81%
oui
81%
parrain,
81%
pause,
81%
pour
81%
Qu'elle
81%
sa
81%
son
81%
Son
81%
une
81%
Une
81%
chose.
75%
délicats,
75%
grillade
75%
mets
75%
plus
75%
préfère
75%
prend
75%
quelque
75%
teint
75%
Chantons
69%
doux,
69%
éclat
69%
lui
69%
Lui
69%
ne
69%
nouvel
69%
quoique
69%
rasade.
69%
verse
69%
jour
63%
lorsqu'on
63%
on
63%
Quand
63%
se
63%
cour
56%
cruelle
56%
d'amour,
56%
d'autres
56%
je
56%
Mais
56%
moi
56%
montre
56%
parle
56%
le
50%
m'enivrer
50%
corset,
44%
dans
44%
fais
44%
main
44%
Sur
44%
camarade.
38%
mit
38%
museau
38%
Grenade
31%
soufflet
31%
voisin
25%
riposta
13%
Aucun quiz correspondant
Distribution des résultats
% des personnes avec chaque résultat
Percentile par nombre de réponses
Votre historique - résultats
Vous n’avez pas pris ce quiz